1789 1232 1269 1933 1473 1675 1515 1009 1667 1576 1366 1778 1960 1850 1940 1289 1237 1542 1141 1451 1872 1938 1747 1058 1133 1490 1681 1069 1328 1054 1924 1996 1866 1668 1012 1621 1243 1271 1507 1404 1964 1140 1160 1286 1129 1757 1685 1214 1290 1558 2000 1187 1738 1234 1788 1887 1532 1396 1236 1181 1023 1419 1690 1260 1514 1282 1997 1757 1928 1981 1629 1466 1893 1853 1545 1496 1972 1278 1547 1641 1356 1575 1392 1087 1322 1034 1934 1111 1363 1957 1999 1478 1366 1632 1294 1975 1196 1003 1881 BCNSPRNW ULIB Ver.6.0+V

เปลี่ยนเป็นภาษาไทย

Change to English
 แสดงรายละเอียดบรรณานุกรม
  กลับหน้าหลัก

Brief Record : Get Marc (ISO 2709) : E-mail record : QR code < ปิดหน้าต่าง
LEADER : 00000nam 2200000uu 4500
001    13399113551
003     ULIB
008    111125s2553||||th 000 0 tha d
020    ^a9786167057194
090    ^aนว.^bฟ319ล 2553
100 0  ^aฟ้าใส ไอรดา
245 00 ^aเล่ห์ซาตาน มารหัวใจ/^cฟ้าใส ไอรดา
260    ^aกรุงเทพฯ :^bSimply Book,^c2553
300    ^a223 หน้า
945    ^p165^l0^i17057
995    ^aเกษร
999    ^aใช้งานได้ทุกระบบ
รายการนี้ยังไม่มีแท็ก
คุณยังไม่ได้ล็อกอิน คุณสามารถมีกิจกรรมร่วมกับเว็บไซต์ได้ แต่ต้องล็อกอินก่อน ::
  ล็อกอิน

รายการสื่อสารสนเทศ

ลำดับที่ ประเภท เลขเรียก/บาร์โค้ด สถานที่ สถานะ
1. วิทยาศาสตร์การแพทย์ และสุขภาพ
วิทยาศาสตร์การแพทย์ และสุขภาพ
นว. ฟ319ล 2553  
  Barcode: 17057
ห้องสมุดวิทยาเขตสวรรค์ประชารักษ์
►นวนิยาย
บนชั้น
  ขอยืม

รายการใกล้เคียง
    ผู้แต่ง [ฟ้าใส ไอรดา]

BibComment


ยังไม่เคยถูกคอมเมนท์

คอมเมนท์ทรัพยากรรายการนี้
  คอมเมนท์: เล่ห์ซาตาน มารหั..


 Copyright 2026. Bcnsprnw @Library